| 000 | 00464nam a2200181Ia 4500 | ||
|---|---|---|---|
| 003 | GCL | ||
| 008 | 140319s9999 xx 000 0 eng d | ||
| 040 |
_aGCL / _cGCL |
||
| 082 | 0 | 4 |
_a296.43 _bC I |
| 100 | 1 | _aCOOPER, J.C | |
| 245 | 1 | 0 |
_aAN ILLUSTRATED ENCYCLOPEDIA OF TRADITIONAL SYMBOLS / _cCOOPER, J.C |
| 260 |
_a[S.N] : _bTHAMES AND HUDSON ، _c1993 |
||
| 300 | _a208 P | ||
| 650 | 0 | 4 | _aRELIGION |
| 650 | 0 | 4 | _aSYMBOLS |
| 650 | 0 | 4 | _aJUDAISM |
| 942 |
_2ddc _cBK |
||
| 999 |
_c13833 _d13833 |
||